Statistics for Top TV Show Protagonists

Click here to take the quiz!

General Stats

  • This quiz has been taken 18 times
  • The average score is 16 of 47

Answer Stats

HintAnswer% Correct
The SimpsonsBart Simpson
89%
Breaking BadWalter White
89%
The SopranosTony Soprano
78%
HouseGregory House
67%
South ParkEric Cartman
61%
Family GuyStewie Griffin
61%
How I Met Your MotherBarney Stinson
56%
The X-FilesFox Mulder
56%
Breaking BadJesse Pinkman
56%
The OfficeMichael Scott
56%
The Big Bang TheorySheldon Cooper
56%
Happy DaysArthur "Fonzie" Fonzarelli
50%
Star TrekCaptain James T Kirk
50%
Stranger ThingsEleven
50%
24Jack Bauer
50%
Family MattersSteve Urkel
50%
Game of ThronesTyrion Lannister
50%
SeinfeldGeorge Costanza
44%
DallasJR Ewing
44%
All In The FamilyArchie Bunker
33%
Mad MenDon Draper
33%
Three's CompanyJack Tripper
33%
The Walking DeadDaryl Dixon
28%
New GirlJessica Day
28%
30 RockLiz Lemon
28%
Peaky BlindersThomas Shelby
28%
Two and a Half MenCharlie Harper
22%
ShamelessFiona Gallagher
22%
M*A*S*HHawkeye Pierce
22%
Bob's BurgersTina Belcher
22%
The ShieldVic Mackey
22%
Parks and RecreationLeslie Knope
17%
FireflyMalcolm Reynolds
17%
The WireOmar Little
17%
CommunityAbed Nadir
11%
ERDoug Ross
11%
The Good PlaceEleonor Shellstrop
11%
ScandalOlivia Pope
11%
GleeSantana Lopez
11%
AliasSydney Bristow
11%
How To Get Away With MurderAnnalise Keating
6%
It's Always Sunny In PhiladelphiaCharlie Kelly
6%
EmpireCookie Lyon
6%
DollhouseEcho
6%
Schitts CreekMoira Rose
6%
VeepSelina Meyer
6%
Unbreakable Kimmy SchmidtTitus Andromedon
6%

Score Distribution

Percentile by Number Answered

Percent of People with Each Score

Your Score History

You have not taken this quiz